Tri thức thế giới: Loài vật tỏ tình như thế nào

Na minha lista:
Detalhes bibliográficos
Autor principal: Nguyễn Đình Nhơn
Formato: Livro
Idioma:Undetermined
Publicado em: H. VHTT 2003
Assuntos:
Tags: Adicionar Tag
Sem tags, seja o primeiro a adicionar uma tag!
Thư viện lưu trữ: Trung tâm Học liệu Trường Đại học Cần Thơ
LEADER 00525nam a2200181Ia 4500
001 CTU_58261
008 210402s9999 xx 000 0 und d
082 |a 001 
082 |b H600 
100 |a Nguyễn Đình Nhơn 
245 0 |a Tri thức thế giới: Loài vật tỏ tình như thế nào 
245 0 |c Lưu Gia Hy, Nguyễn Đình Nhơn 
260 |a H. 
260 |b VHTT 
260 |c 2003 
650 |a knowledge 
904 |i Minh 
980 |a Trung tâm Học liệu Trường Đại học Cần Thơ